All Teams to Ever Play a FIFA Futsal World Cup - Statistics

General Stats
  • This quiz has been taken 164 times
    121 since last reset
  • The average score is 28 of 50
Answer Stats
# Top Finish Team % Correct
9 Winner Brazil
99%
9 Winner Argentina
94%
6 Winner Portugal
94%
9 Winner Spain
91%
7 Runners-up Russia
89%
6 Runners-up United States
86%
2 4th Place Colombia
84%
5 Round 2 Japan
84%
7 Runners-up Italy
80%
1 Round 1 Mexico
78%
3 Round 1 China
76%
7 Round 1 Australia
75%
3 Round 2 Uruguay
73%
1 Round 1 Canada
72%
1 Round 2 Poland
70%
7 Quarters Egypt
69%
8 3rd Place Iran
69%
4 Runners-up Netherlands
68%
3 4th Place Belgium
65%
5 4th Place Ukraine
65%
3 4th Place Kazakhstan
64%
3 Quarters Morocco
64%
7 Quarters Paraguay
62%
1 Round 2 Croatia
61%
1 Round 1 Nigeria
59%
1 Round 2 Venezuela
59%
5 Round 2 Costa Rica
58%
1 Round 1 Algeria
57%
6 Round 2 Thailand
57%
2 Round 2 Serbia
54%
5 Round 1 Cuba
53%
3 Round 2 Panama
53%
1 Round 2 Hungary
47%
2 Round 2 Vietnam
47%
4 Round 2 Czechia
46%
1 Round 1 Denmark
43%
1 Round 1 Saudi Arabia
42%
2 Round 2 Uzbekistan
41%
5 Round 1 Guatemala
40%
1 Round 1 Lithuania
36%
2 Round 1 Libya
32%
1 Round 1 Chinese Taipei
28%
1 Quarters Azerbaijan
27%
1 Round 1 Angola
21%
4 Round 1 Solomon Islands
21%
1 Round 1 Malaysia
18%
1 Round 1 Hong Kong
13%
1 Round 1 Kuwait
13%
1 Round 1 Mozambique
10%
1 Round 1 Zimbabwe
4%
No matching quizzes found
Score Distribution
Percent of People with Each Score
Percentile by Number Answered
Your Score History
You have not taken this quiz since the last reset